00298nam a22001097a 450000500170000002000180001710000180003524500690005326000420012230000110016465000130017520251201161310.0 a9781647266530 aWest, Adalynn aTheory and applications of differential and difference equations aNew YorkbClanrye internationalc2023 avi+242 aCalculus